000 00309nam a22001217a 4500
008 160422b xxu||||| |||| 00| 0 eng d
020 _a9780803615762
020 _a100803615760
041 _aeng
080 _a618.2
245 _aMed surg success:
_cKathyn Cadenhead Colgrove;Judy Callicoatt;
942 _2udc
_cBK
999 _c1521
_d1521